| 000 | 00491nam a2200169 a 4500 | ||
|---|---|---|---|
| 005 | 20140310183248.0 | ||
| 008 | 040921s19uu xx 00 eng d | ||
| 020 | _a0761973419 | ||
| 050 |
_aHM 623 _b.B374 2004 |
||
| 100 | _aBarker, Chris. | ||
| 245 |
_aThe SAGE dictionary of cultural studies / _cChris Barker. |
||
| 260 |
_aLondon : _bSage Publication, _c2004. |
||
| 300 |
_a211 p. : _c24 cm. |
||
| 650 |
_aCulture _xStudy and teaching _xDictionary. |
||
| 942 |
_cBK _2lcc |
||
| 999 |
_c20727 _d20727 |
||